004310000a2200085000450024501720000004100140017270000210018610000240020777301140023110aRiqueza, abundancia relativa y patrones de actividades temporal de la comunidad de los murciélagos quirópteros de la Reserva Natural La Planada, Nariño, Colombia0 aEspañol1 aGómez, Luis G.1 aOspina Ante, Omaira1 tRevista de la Academia Colombiana de Ciencias Exactas, Fisicas y Naturales332hSupl. Esp.q659-669d1999g23